| 000 | 00620nam a22001937a 4500 | ||
|---|---|---|---|
| 999 |
_c172190 _d172190 |
||
| 005 | 20200128165602.0 | ||
| 010 | _aUR-10695 | ||
| 020 |
_c300.00 _a- |
||
| 035 | _aU-9250 | ||
| 037 |
_bDBAD/PUB _a- |
||
| 082 | _a920 | ||
| 100 | _aقا ضی جما ل حسين | ||
| 245 |
_aد ا م آ گا ہی /غا لب مطا لعا ت _cقا ضی جما ل حسين |
||
| 246 |
_bDaam-e-Aagahi (Urdu) _aby Qazi Jamal Husain |
||
| 260 |
_aN.Delhi _bGhalib Academy _c2019 ء |
||
| 270 |
_aBasti Hazrat Nizamuddin _bN.Delhi _e110013 _k- _l- |
||
| 300 |
_a144 ص _c22 Cm(Hb) |
||
| 942 |
_2ddc _cUR _h920 _mج م ا |
||